[Event "ch-Commonwealth 2012"]
[Site "Chennai IND"]
[Date "2012.11.25"]
[Round "5"]
[White "Rathnakaran, K."]
[Black "Ebenezer, Joseph"]
[Result "1-0"]
[WhiteTitle "IM"]
[BlackTitle "CM"]
[WhiteElo "2430"]
[BlackElo "2072"]
[WhiteFideId "5005507"]
[BlackFideId "5003377"]
[EventDate "2012.11.23"]

1. e4 e6 2. d3 g6 3. Nf3 Bg7 4. g3 e5 5. Bg2 Nc6 6. O-O d6 7. c3 Nge7 8. d4 Bg4
9. d5 Nb8 10. h3 Bd7 11. c4 a5 12. Nc3 Na6 13. Rb1 O-O 14. a3 f5 15. b4 axb4 16.
axb4 h6 17. Kh2 f4 18. g4 g5 19. Ne1 Ng6 20. Nd3 Nh4 21. f3 Kf7 22. c5 Rh8 23.
c6 bxc6 24. dxc6 Be6 25. b5 Nc5 26. Nxc5 dxc5 27. Qxd8 Rhxd8 28. Rd1 Rxd1 29.
Nxd1 Ra2 30. Bb2 Bf8 31. Nc3 Ra5 32. Rd1 c4 33. Ra1 Rxa1 34. Bxa1 Bc5 35. Nd5
Bxd5 36. exd5 Bd6 37. Kh1 Ke7 38. Bc3 Kd8 39. Bf1 Nxf3 40. Bxc4 e4 41. Be2 Ne5
42. Bd4 f3 43. Bd1 Nd3 44. Kg1 Nf4 45. Kf1 Nxd5 46. Kf2 Nf4 47. Ke3 Ne6 48. Bf6+
Be7 49. Bxe7+ Kxe7 50. Kxe4 Kd6 51. Bxf3 Kc5 52. Ke5 Nd4 53. Bh1 Nxb5 54. Kf6
Nd4 55. Kg6 Kd6 56. Kxh6 Ne6 57. Be4 Ke5 58. Bf5 Nd4 59. Kxg5 Nxc6 60. h4 Ne7
61. h5 1-0

[Event "ch-Commonwealth 2012"]
[Site "Chennai IND"]
[Date "2012.11.25"]
[Round "5"]
[White "Swayams, Mishra"]
[Black "Dhulipala, Bala Chandra Prasad"]
[Result "1/2-1/2"]
[WhiteTitle "IM"]
[WhiteElo "2423"]
[BlackElo "2043"]
[WhiteFideId "5028183"]
[BlackFideId "25005812"]
[EventDate "2012.11.23"]

1. d4 Nc6 2. Nf3 d5 3. Bf4 Bg4 4. Nbd2 e6 5. e3 Bd6 6. Bxd6 cxd6 7. c3 Nge7 8.
Bd3 f5 9. h3 Bh5 10. g4 Bg6 11. Nh4 O-O 12. Nxg6 Nxg6 13. gxf5 Nh4 14. fxe6 Ng2+
15. Ke2 Qf6 16. Qg1 Nh4 17. Qg3 Rae8 18. Rhg1 Rxe6 19. Raf1 h6 20. Kd1 Ne7 21.
Kc1 a6 22. Re1 b5 23. e4 dxe4 24. Bxe4 Nef5 25. Bd5 Nxg3 26. Rxe6 Ne2+ 27. Kd1
Qf7 28. Rg4 Nf4 29. Re7 Nxd5 30. Rxf7 Rxf7 31. Rxh4 Rxf2 32. Re4 Kf7 33. h4 g5
34. hxg5 hxg5 35. Re2 Rxe2 36. Kxe2 Nf6 37. Kf3 Ke6 38. Nf1 a5 39. Ne3 Nd5 40.
Nxd5 Kxd5 41. Kg4 Kc4 42. Kxg5 b4 43. Kf5 bxc3 44. bxc3 a4 45. Ke6 Kxc3 46. d5
a3 47. Kxd6 Kb2 48. Kc5 Kxa2 49. d6 Kb2 50. d7 a2 51. d8=Q a1=Q 52. Qd2+ Kb1 53.
Qd3+ Ka2 54. Qc4+ Kb1 55. Qe4+ Ka2 1/2-1/2

[Event "ch-Commonwealth 2012"]
[Site "Chennai IND"]
[Date "2012.11.26"]
[Round "6"]
[White "Ankit, R. Rajpara"]
[Black "Lintchevski, Daniil"]
[Result "1/2-1/2"]
[WhiteTitle "IM"]
[BlackTitle "GM"]
[WhiteElo "2423"]
[BlackElo "2555"]
[WhiteFideId "5023335"]
[BlackFideId "4171055"]
[EventDate "2012.11.23"]

1. e4 c6 2. d4 d5 3. Nc3 dxe4 4. Nxe4 Bf5 5. Ng3 Bg6 6. h4 h6 7. Nf3 Nd7 8. h5
Bh7 9. Bd3 Bxd3 10. Qxd3 e6 11. Bd2 Ngf6 12. O-O-O Be7 13. Kb1 Qc7 14. Ne4 Rd8
15. Nxf6+ Nxf6 16. Qe2 c5 17. dxc5 Qxc5 18. Be3 Rxd1+ 19. Qxd1 Qc7 20. Qd4 a6
21. Qa4+ Qd7 22. Qxd7+ Nxd7 23. Rd1 Nf6 24. Rh1 Ng4 25. Rd1 Nf6 26. Rh1 O-O 27.
Bd4 Ng4 28. c3 Rd8 29. Nh2 Nxh2 30. Rxh2 Rd5 31. Kc2 Bc5 32. Bxc5 Rxc5 33. Kd3
Rd5+ 34. Ke3 Re5+ 35. Kd3 Rd5+ 36. Ke3 Re5+ 1/2-1/2

[Event "ch-Commonwealth 2012"]
[Site "Chennai IND"]
[Date "2012.11.26"]
[Round "6"]
[White "Dzhumaev, Marat"]
[Black "Arun, Karthik R."]
[Result "1/2-1/2"]
[WhiteTitle "GM"]
[WhiteElo "2530"]
[BlackElo "2278"]
[WhiteFideId "14200236"]
[BlackFideId "5021030"]
[EventDate "2012.11.23"]

1. e4 e5 2. Nf3 Nc6 3. Bc4 Nf6 4. d3 Bc5 5. c3 d6 6. Bb3 Bb6 7. Nbd2 O-O 8. O-O
Ne7 9. Nc4 Ng6 10. h3 h6 11. Re1 Nh7 12. d4 Qf6 13. Be3 Rd8 14. a4 c6 15. Nxb6
axb6 16. Qe2 Re8 17. Rad1 Nhf8 18. Kh2 Nf4 19. Bxf4 Qxf4+ 20. g3 Qf6 21. Nh4 Be6
22. Bc2 Nh7 23. Qf3 b5 24. Qxf6 Nxf6 25. axb5 Ra2 26. Rb1 cxb5 27. d5 Bd7 28. f4
exf4 29. gxf4 g5 30. fxg5 hxg5 31. Nf3 g4 32. hxg4 Nxg4+ 33. Kg3 Ne5 34. Nd4 Kf8
35. Bb3 Raa8 36. Ra1 Rab8 37. Nf3 Nd3 38. Re3 Nxb2 39. e5 Nc4 40. Bxc4 bxc4 41.
Rh1 Ke7 42. Rh6 Rg8+ 43. Kf2 Rg6 44. Rh7 Ra8 45. e6 Ra2+ 46. Kf1 Ra1+ 47. Kf2
Ra2+ 48. Kf1 Ra1+ 49. Kf2 1/2-1/2

[Event "ch-Commonwealth 2012"]
[Site "Chennai IND"]
[Date "2012.11.26"]
[Round "6"]
[White "Himanshu, Sharma"]
[Black "Venkatesh, M.R."]
[Result "0-1"]
[WhiteTitle "IM"]
[BlackTitle "GM"]
[WhiteElo "2417"]
[BlackElo "2520"]
[WhiteFideId "5007836"]
[BlackFideId "5005779"]
[EventDate "2012.11.23"]

1. b3 d6 2. Bb2 e5 3. e3 Nc6 4. Bb5 Bd7 5. Nf3 e4 6. Nd4 Qg5 7. Bxc6 bxc6 8. Rg1
Nf6 9. Nc3 d5 10. Qe2 a6 11. Qf1 Ng4 12. h3 Nh2 13. f4 Nxf1 14. fxg5 Ng3 15. Kf2
Bd6 16. Nce2 Nxe2 17. Nxe2 O-O 18. h4 Bg4 19. Nf4 Rad8 20. g3 Be7 21. Ke1 Rd7
22. a3 c5 23. d3 Rb8 24. Kd2 f6 25. gxf6 gxf6 26. Rab1 Kf7 27. Ba1 c6 28. a4
Rdb7 29. Rbf1 Rg8 30. Bc3 Bf3 31. Kc1 Rbb8 32. dxe4 dxe4 33. Rf2 c4 34. Kb2 Rb7
35. Ka2 cxb3+ 36. cxb3 Bc5 37. Bd2 Rd8 38. Bc1 Rdb8 39. Rc2 Be7 40. Rb2 f5 41.
Bd2 Bf6 42. Rbb1 Rd7 43. Ba5 c5 44. Rgc1 Be7 45. Rb2 Rg8 46. Be1 Bd1 47. Rd2
Rxd2+ 48. Bxd2 Bf3 49. Be1 Rd8 50. Ba5 Rd7 51. Kb2 Bd6 52. Ka2 Rb7 53. Bc3 Rb8
54. Ba5 Ke7 55. Kb2 Kd7 56. Kc2 Kc6 57. Bc3 Rg8 58. Be1 Be5 59. Rb1 Bxf4 60.
exf4 e3 61. Rc1 Rd8 62. Ba5 Rd4 63. Re1 e2 64. Bd2 c4 65. bxc4 Rxc4+ 66. Kb2
Rc2+ 0-1

[Event "ch-Commonwealth 2012"]
[Site "Chennai IND"]
[Date "2012.11.26"]
[Round "6"]
[White "Ram, S. Krishnan"]
[Black "Akshayraj, Kore"]
[Result "1-0"]
[BlackTitle "IM"]
[WhiteElo "2269"]
[BlackElo "2459"]
[WhiteFideId "5010519"]
[BlackFideId "5012414"]
[EventDate "2012.11.23"]

1. d4 Nf6 2. c4 g6 3. Nc3 d5 4. Nf3 Bg7 5. Bg5 Ne4 6. Bh4 Nxc3 7. bxc3 dxc4 8.
Qa4+ Nd7 9. e3 O-O 10. Qa3 c5 11. Bxc4 Qc7 12. Rc1 e5 13. O-O Nb6 14. Be2 Bg4
15. dxc5 e4 16. Nd4 Bxe2 17. Nxe2 Nd7 18. Be7 Rfc8 19. Rfd1 Nxc5 20. Bxc5 Qxc5
21. Rd8+ 1-0

[Event "ch-Commonwealth 2012"]
[Site "Chennai IND"]
[Date "2012.11.26"]
[Round "6"]
[White "Adhiban, Baskaran"]
[Black "Padmini, Rout"]
[Result "1/2-1/2"]
[WhiteTitle "GM"]
[BlackTitle "WGM"]
[WhiteElo "2559"]
[BlackElo "2326"]
[WhiteFideId "5018471"]
[BlackFideId "5029295"]
[EventDate "2012.11.23"]

1. e4 c5 2. Nf3 d6 3. d4 cxd4 4. Nxd4 Nf6 5. Nc3 a6 6. Bg5 e6 7. f4 Qc7 8. Qe2
Nbd7 9. O-O-O b5 10. f5 e5 11. Nd5 Nxd5 12. exd5 Nb6 13. Qh5 g6 14. fxg6 fxg6
15. Qh4 Be7 16. Bd3 Rg8 17. Rhf1 Bb7 18. Nxb5 Bxg5+ 19. Qxg5 Qe7 20. Rf6 O-O-O
21. Qg4+ Kb8 22. Re6 Qf8 23. Nc3 Qf4+ 24. Qxf4 exf4 25. Be4 Bc8 26. Rf6 Rgf8 27.
Rxf8 Rxf8 28. h4 Nc4 29. Ne2 Bg4 30. Re1 Bxe2 31. Rxe2 Ne5 32. b3 h6 33. Re1 g5
34. hxg5 hxg5 35. Rh1 g4 36. Kd2 Kc7 37. Rh5 Kb6 38. c4 a5 39. Kc3 f3 40. gxf3
gxf3 41. Rf5 Rxf5 42. Bxf5 Kc5 43. a3 f2 44. b4+ axb4+ 45. axb4+ Kb6 46. Bh3 Nf3
47. Kd3 Ne1+ 48. Kd2 Nf3+ 49. Ke3 Ne1 50. b5 Kc5 51. Bf1 Nc2+ 52. Kxf2 Nd4 53.
Bd3 Nb3 54. Ke3 Kb6 55. Kf4 Nc5 56. Be2 Nd7 57. Kf5 Kc5 58. Ke6 Nb6 59. Ke7 Nc8+
60. Kd8 Nb6 61. Bf1 Na4 62. Kc7 Nb6 63. Kb7 Na4 64. Be2 Nb6 65. Bf1 Na4 66. Bh3
Nb6 67. Bf1 Na4 68. Be2 Nb6 69. Bd3 Na4 70. Bc2 Nb6 71. Bb3 Nd7 72. Kc7 Nb6 73.
Ba2 Na4 74. Kb7 Nb6 75. Ka6 Na4 76. Bb3 Nb6 77. Ka7 Nd7 78. Bd1 Nb6 79. Be2 Nc8+
80. Ka6 Nb6 81. Ka5 Nc8 1/2-1/2

[Event "ch-Commonwealth 2012"]
[Site "Chennai IND"]
[Date "2012.11.26"]
[Round "6"]
[White "Purushothaman, T"]
[Black "Paragua, Mark"]
[Result "0-1"]
[BlackTitle "GM"]
[WhiteElo "2286"]
[BlackElo "2532"]
[WhiteFideId "5012791"]
[BlackFideId "5201241"]
[EventDate "2012.11.23"]

1. d4 Nf6 2. c4 g6 3. Nc3 Bg7 4. e4 d6 5. f3 O-O 6. Be3 c5 7. dxc5 dxc5 8. Qxd8
Rxd8 9. Bxc5 Nc6 10. Nd5 Nd7 11. Bxe7 Nxe7 12. Nxe7+ Kf8 13. Nd5 Bxb2 14. Rb1
Bg7 15. Nh3 Nb6 16. Nhf4 g5 17. Nh5 Nxd5 18. cxd5 Bc3+ 19. Ke2 b5 20. Ke3 a6 21.
Bd3 Bd7 22. h4 h6 23. hxg5 hxg5 24. f4 gxf4+ 25. Nxf4 Kg7 26. Rh5 Rh8 27. Rbh1
Rxh5 28. Nxh5+ Kf8 29. Kf4 Re8 30. g4 Be5+ 31. Kf3 Ke7 32. Ng3 Bxg4+ 33. Kxg4
Rg8+ 34. Kh4 Bxg3+ 35. Kh3 Be5 36. Bb1 Rg3+ 37. Kh4 Rg2 38. Rc1 Rb2 39. Kg4 f6
40. Kf3 b4 41. Ke3 a5 42. Kd3 a4 43. Kc4 a3 44. Bc2 Bf4 45. Rf1 Rxc2+ 46. Kxb4
Bd6+ 47. Kb3 0-1

[Event "ch-Commonwealth 2012"]
[Site "Chennai IND"]
[Date "2012.11.26"]
[Round "6"]
[White "Grover, Sahaj"]
[Black "Kunal, M."]
[Result "1-0"]
[WhiteTitle "GM"]
[WhiteElo "2509"]
[BlackElo "2276"]
[WhiteFideId "5021103"]
[BlackFideId "5018250"]
[EventDate "2012.11.23"]

1. d4 Nf6 2. c4 e6 3. Nc3 Bb4 4. Qc2 O-O 5. e4 d5 6. e5 Ne4 7. Bd3 c5 8. Nf3
cxd4 9. Nxd4 Nd7 10. Bxe4 dxe4 11. Qxe4 Qa5 12. O-O Qxe5 13. Qh4 Nf6 14. Ndb5
Bd7 15. Bf4 Qh5 16. Qxh5 Nxh5 17. Bd6 Bxd6 18. Nxd6 Rab8 19. Rfd1 Rfd8 20. b4
Kf8 21. Rd2 Nf6 22. Rad1 Ke7 23. a4 Be8 24. f3 Rd7 25. c5 Rbd8 26. g4 h6 27. h4
g5 28. hxg5 hxg5 29. Re1 b6 30. Rh2 Rxd6 31. cxd6+ Rxd6 32. Rc2 Rd4 33. b5 Nd7
34. Re4 Rd3 35. Kf2 Nc5 36. Rc4 e5 37. Ne4 Ne6 38. R2c3 Rd1 39. Rc8 Ra1 40. R3c4
Ra2+ 41. Ke1 Nd4 42. R8c7+ Ke6 43. Nxg5+ Kd5 44. Ne4 Nxf3+ 45. Kd1 Ra1+ 46. Kc2
Nd4+ 47. Kb2 Rf1 48. Nc3+ Kd6 49. Rxa7 Bd7 50. Ne4+ Ke6 51. Rcc7 1-0

[Event "ch-Commonwealth 2012"]
[Site "Chennai IND"]
[Date "2012.11.26"]
[Round "6"]
[White "Kathmale, Sameer"]
[Black "Ashwin, Jayaram"]
[Result "1-0"]
[BlackTitle "IM"]
[WhiteElo "2281"]
[BlackElo "2488"]
[WhiteFideId "5024498"]
[BlackFideId "5018137"]
[EventDate "2012.11.23"]

1. e4 c5 2. c3 d5 3. exd5 Qxd5 4. d4 Nc6 5. Nf3 Bf5 6. Be3 Nf6 7. Be2 e6 8. Na3
Ng4 9. Nb5 Nxe3 10. fxe3 O-O-O 11. O-O Qe4 12. Qc1 Be7 13. b4 a6 14. a4 cxb4 15.
cxb4 Kb8 16. Nc3 Qc2 17. Qxc2 Bxc2 18. b5 Nb4 19. bxa6 bxa6 20. Na2 f6 21. Nxb4
Bxb4 22. Bxa6 Rd6 23. Rfc1 Be4 24. Be2 Rc8 25. Rxc8+ Kxc8 26. a5 Rd5 27. a6 Ra5
28. Rxa5 Bxa5 29. Bc4 Kd7 30. Kf2 Bxf3 31. Kxf3 Bb6 32. h4 Ke7 33. Ke4 f5+ 34.
Kf4 Kf6 35. Kf3 e5 36. dxe5+ Kxe5 37. h5 Kf6 38. e4 g5 39. exf5 Ke5 40. h6 Kxf5
41. Bd3+ Kf6 42. Bxh7 Ba7 43. Bd3 Bg1 44. h7 Kg7 45. Bf5 Ba7 46. Ke4 Kh8 47. Kd5
g4 48. Kc6 g3 49. Kb7 Bc5 50. a7 Bxa7 51. Kxa7 Kg7 52. Kb6 Kh8 53. Kc5 Kg7 54.
Kd4 1-0

[Event "ch-Commonwealth 2012"]
[Site "Chennai IND"]
[Date "2012.11.26"]
[Round "6"]
[White "Shyam, Sundar M."]
[Black "Kulkarni, Bhakti"]
[Result "1-0"]
[WhiteTitle "IM"]
[BlackTitle "CM"]
[WhiteElo "2484"]
[BlackElo "2196"]
[WhiteFideId "5019141"]
[BlackFideId "5019516"]
[EventDate "2012.11.23"]

1. d4 Nf6 2. c4 g6 3. Nc3 Bg7 4. e4 d6 5. f3 c6 6. Be3 a6 7. Qd2 b5 8. O-O-O
Nbd7 9. e5 dxe5 10. dxe5 Ng8 11. f4 Nh6 12. Be2 Nf5 13. Bf2 h5 14. Nf3 Qa5 15.
Ng5 Nf8 16. Kb1 Bh6 17. Nd5 Qxd2 18. Nc7+ 1-0

[Event "ch-Commonwealth 2012"]
[Site "Chennai IND"]
[Date "2012.11.26"]
[Round "6"]
[White "Prince, Bajaj"]
[Black "Neelotpal, Das"]
[Result "1/2-1/2"]
[WhiteTitle "CM"]
[BlackTitle "GM"]
[WhiteElo "2263"]
[BlackElo "2467"]
[WhiteFideId "5045150"]
[BlackFideId "5003512"]
[EventDate "2012.11.23"]

1. e4 e6 2. d4 d5 3. Nc3 Bb4 4. exd5 exd5 5. Bd3 Nc6 6. a3 Bxc3+ 7. bxc3 Nge7 8.
Qh5 g6 9. Qf3 Nf5 10. Ne2 Be6 11. Rb1 b6 12. O-O O-O 13. Nf4 Ng7 14. Bd2 Qd6 15.
Rfe1 Rad8 16. a4 Ne7 17. Nxe6 fxe6 18. Qg4 c5 19. c4 dxc4 20. Bxc4 Nef5 21. Bg5
Rc8 22. Bd2 Rcd8 23. Bg5 Rc8 24. dxc5 Rxc5 25. Bd3 Rfc8 1/2-1/2

[Event "ch-Commonwealth 2012"]
[Site "Chennai IND"]
[Date "2012.11.26"]
[Round "6"]
[White "Fominyh, Alexander"]
[Black "Priya P."]
[Result "1-0"]
[WhiteTitle "GM"]
[BlackTitle "WIM"]
[WhiteElo "2456"]
[BlackElo "2165"]
[WhiteFideId "4100590"]
[BlackFideId "5013550"]
[EventDate "2012.11.23"]

1. d4 Nf6 2. Nf3 e6 3. c4 Nc6 4. a3 d6 5. Nc3 g6 6. d5 Nb8 7. e4 e5 8. Be2 Bg7
9. O-O O-O 10. Bg5 h6 11. Bh4 g5 12. Bg3 Nh5 13. Nd2 Nf4 14. Bg4 Nd7 15. f3 c6
16. Bf2 cxd5 17. cxd5 Nc5 18. Be3 Bd7 19. g3 Ng6 20. b4 Na6 21. Rc1 Ne7 22. Bxd7
Qxd7 23. Qa4 Qxa4 24. Nxa4 Rfc8 25. b5 Nc7 26. b6 Nb5 27. Nc4 Nd4 28. Kf2 Nb3
29. Rc3 Nd4 30. Rfc1 Rd8 31. Nd2 axb6 32. Nxb6 Ra6 33. Rb1 Kf8 34. a4 f5 35. Kg2
f4 36. Bf2 fxg3 37. hxg3 h5 38. Rc7 Ra7 39. Ndc4 Ke8 40. Rh1 g4 41. fxg4 hxg4
42. Rh7 Bf6 43. Be1 Nf3 44. Bb4 Ng5 45. Rh6 Nxe4 46. Nxd6+ Nxd6 47. Rxf6 Nef5
48. a5 e4 49. Re6+ Kf8 50. Rxe4 Rxa5 51. Nd7+ Rxd7 52. Rxd7 Rxd5 53. Re6 1-0

[Event "ch-Commonwealth 2012"]
[Site "Chennai IND"]
[Date "2012.11.26"]
[Round "6"]
[White "Ramakrishna, J."]
[Black "Nolte, Rolando"]
[Result "1/2-1/2"]
[WhiteTitle "FM"]
[BlackTitle "IM"]
[WhiteElo "2224"]
[BlackElo "2445"]
[WhiteFideId "5008174"]
[BlackFideId "5200636"]
[EventDate "2012.11.23"]

1. c4 Nf6 2. g3 g6 3. Bg2 Bg7 4. Nc3 O-O 5. d3 d6 6. e4 e5 7. Nge2 Nc6 8. h3 Nd7
9. O-O Nc5 10. Nd5 a5 11. Be3 Nd4 12. Kh2 c6 13. Ndc3 a4 14. Rb1 Be6 15. b4 axb3
16. axb3 b5 17. b4 Na4 18. Nxa4 Rxa4 19. cxb5 cxb5 20. Bxd4 exd4 21. Nf4 Ba2 22.
Rb2 Be5 23. Qd2 Be6 24. Nxe6 fxe6 25. f4 Bg7 26. h4 Bh6 27. Bh3 Qe7 28. Rb3 1/2-1/2

[Event "ch-Commonwealth 2012"]
[Site "Chennai IND"]
[Date "2012.11.26"]
[Round "6"]
[White "Sidhant, Mohapatra"]
[Black "Rathnakaran, K."]
[Result "0-1"]
[BlackTitle "IM"]
[WhiteElo "2222"]
[BlackElo "2430"]
[WhiteFideId "5028698"]
[BlackFideId "5005507"]
[EventDate "2012.11.23"]

1. e4 e6 2. d4 d5 3. exd5 exd5 4. Bd3 Nc6 5. c3 Bd6 6. Nf3 Nge7 7. Bg5 f6 8. Bh4
Bg4 9. Bg3 Qd7 10. Nbd2 h5 11. h3 Bf5 12. Bxf5 Nxf5 13. Bxd6 Nxd6 14. Qe2+ Qe7
15. Qxe7+ Nxe7 16. h4 a5 17. O-O-O a4 18. Ne1 Kf7 19. Nd3 b6 20. Rde1 Rae8 21.
g3 c6 22. Nf4 g6 23. b3 axb3 24. axb3 Nef5 25. Kb2 Rxe1 26. Rxe1 Re8 27. Rxe8
Nxe8 28. Kc2 Neg7 29. Nf3 Nd6 30. Nd3 Ngf5 31. Nd2 Ne4 32. Nxe4 dxe4 33. Nb4 e3
34. fxe3 Nxe3+ 35. Kd3 Nf5 36. Nxc6 Nxg3 37. c4 Nf5 38. b4 Ke6 39. b5 Nxh4 40.
c5 Nf5 41. cxb6 Nd6 42. Nd8+ Kd7 43. b7 Kc7 44. Ne6+ Kxb7 45. Nf4 h4 0-1

[Event "ch-Commonwealth 2012"]
[Site "Chennai IND"]
[Date "2012.11.26"]
[Round "6"]
[White "G., Akash"]
[Black "Karma, Pandya"]
[Result "1-0"]
[WhiteElo "2404"]
[BlackElo "2153"]
[WhiteFideId "5040299"]
[BlackFideId "5030331"]
[EventDate "2012.11.23"]

1. e4 e6 2. d4 d5 3. Nc3 Nf6 4. Bg5 Bb4 5. e5 h6 6. Bd2 Bxc3 7. Bxc3 Ne4 8. Bb4
c5 9. Bxc5 Nxc5 10. dxc5 b6 11. Qd4 O-O 12. Nf3 Nc6 13. Qe3 Qe7 14. cxb6 Qb4+
15. Qc3 Qe4+ 16. Kd1 Bb7 17. Bd3 Qg4 18. Rg1 d4 19. Qe1 Nb4 20. h3 Nxd3 21. hxg4
Nxe1 22. Rxe1 axb6 23. Nxd4 Bxg2 24. Kd2 Rfd8 25. Ke3 Bd5 26. b3 f6 27. exf6
gxf6 28. c4 Bb7 29. Red1 Kf7 30. a4 Kg6 31. f4 Kf7 32. Nb5 Ke7 33. Rxd8 Rxd8 34.
f5 Rg8 35. a5 Rxg4 36. a6 Bc6 37. fxe6 Rg3+ 38. Kd2 Be4 39. Nc7 Rd3+ 40. Ke2 Rd8
41. Nd5+ Bxd5 42. cxd5 Kd6 43. a7 Ra8 44. Kf3 h5 45. Kf4 Ke7 46. Kf5 Kd6 47. b4
h4 48. Ra6 h3 49. Rxb6+ Kxd5 50. Rb7 h2 51. Rh7 Kd6 52. Rxh2 Rxa7 53. Kxf6 Ra1
54. Rd2+ Kc7 55. Ke7 Re1 56. Rc2+ Kb7 57. Kd7 Re4 58. e7 Rd4+ 59. Ke8 Rxb4 60.
Rf2 1-0

[Event "ch-Commonwealth 2012"]
[Site "Chennai IND"]
[Date "2012.11.26"]
[Round "6"]
[White "Kumaran, B"]
[Black "Navin, Kanna"]
[Result "1/2-1/2"]
[WhiteElo "2197"]
[BlackElo "2402"]
[WhiteFideId "5038472"]
[BlackFideId "5015294"]
[EventDate "2012.11.23"]

1. e4 c5 2. Nf3 e6 3. d4 cxd4 4. Nxd4 a6 5. c4 Nf6 6. Nc3 Qc7 7. a3 d6 8. Be3 b6
9. Be2 Bb7 10. f3 Nbd7 11. O-O Be7 12. Rc1 Rc8 13. Qe1 h5 14. Qf2 Qb8 15. Rfd1
h4 16. b4 Bd8 17. Nb3 Bc7 18. Bf4 Nh5 19. Qxh4 Nf8 20. Bg3 Ng6 21. Qg5 Nxg3 22.
hxg3 d5 23. Kf2 dxc4 24. Bxc4 Bd8 25. Rxd8+ Rxd8 26. Bxe6 Ne5 27. Qxg7 Rf8 28.
Nd5 Bxd5 29. Bxd5 Nd3+ 30. Ke3 Nxc1 31. Nxc1 Qd6 32. Nb3 Kd7 33. Nd4 Kc8 34. Nc6
Rd7 35. Qd4 Qxg3 36. Qxb6 Qe1+ 1/2-1/2

[Event "ch-Commonwealth 2012"]
[Site "Chennai IND"]
[Date "2012.11.26"]
[Round "6"]
[White "Rajesh, V A V"]
[Black "Krishna Teja, N"]
[Result "1/2-1/2"]
[WhiteTitle "FM"]
[WhiteElo "2370"]
[BlackElo "2061"]
[WhiteFideId "5029317"]
[BlackFideId "5001498"]
[EventDate "2012.11.23"]

1. d4 Nf6 2. c4 c5 3. d5 b5 4. cxb5 a6 5. bxa6 g6 6. Nc3 Bxa6 7. g3 d6 8. Bg2
Nbd7 9. Nf3 Bg7 10. Rb1 Nb6 11. O-O Bc4 12. Ne1 Bxa2 13. Nxa2 Rxa2 14. Nc2 Ra8
15. e4 O-O 16. Ne3 Ne8 17. Kh1 Nc7 18. f4 Nb5 19. f5 h6 20. Qd3 Qe8 21. f6 exf6
22. Ng4 Kh7 23. Bxh6 Nd4 24. Qe3 Nd7 25. Bxg7 Kxg7 26. Qh6+ Kg8 27. Nxf6+ Nxf6
28. Rxf6 Qe5 29. Rbf1 Rab8 30. R1f4 Qh5 31. Qxh5 gxh5 32. Rf2 Rbd8 33. Rh6 f5
34. Kg1 f4 35. gxf4 Rxf4 36. Rxh5 Rxf2 37. Kxf2 Rb8 38. e5 Rxb2+ 39. Kg3 dxe5
40. Rxe5 Rb6 41. Re8+ Kf7 42. Rc8 Rb3+ 43. Kf4 Rb2 44. Be4 Rxh2 45. Ke5 Rh5+ 46.
Kd6 Rh6+ 47. Kd7 Nb5 48. Rxc5 Rd6+ 49. Kc8 Nd4 50. Rc4 Nb5 51. Bg2 Rg6 52. Rc5
Nd6+ 53. Kd7 Ne8 54. Rc2 Rd6+ 55. Kc8 Nf6 56. Rc7+ Ke8 57. Rc5 Ke7 58. Bf3 Kf8
59. Kc7 Ne8+ 60. Kb7 Nf6 61. Rc3 Nxd5 62. Rd3 Rd7+ 63. Kc6 Nb4+ 64. Kxd7 Nxd3 1/2-1/2

[Event "ch-Commonwealth 2012"]
[Site "Chennai IND"]
[Date "2012.11.26"]
[Round "6"]
[White "Ram, Aravind L N"]
[Black "Mohota, Nisha"]
[Result "0-1"]
[WhiteTitle "FM"]
[BlackTitle "IM"]
[WhiteElo "1983"]
[BlackElo "2342"]
[WhiteFideId "25033760"]
[BlackFideId "5004330"]
[EventDate "2012.11.23"]

1. e4 Nf6 2. e5 Nd5 3. d4 d6 4. Nf3 Bg4 5. Be2 e6 6. O-O Be7 7. Re1 O-O 8. h3
Bh5 9. Nc3 Nxc3 10. bxc3 d5 11. Rb1 Nd7 12. a4 Rb8 13. Nh2 Bxe2 14. Qxe2 Nb6 15.
Ra1 c5 16. Qh5 Rc8 17. a5 Nc4 18. a6 b5 19. Ng4 Kh8 20. dxc5 Bxc5 21. Rb1 Rb8
22. Bg5 Be7 23. h4 Qe8 24. Rbd1 f5 25. Qxe8 Rfxe8 26. Bxe7 Rxe7 27. Nh2 Rb6 28.
Ra1 Nd2 29. f3 Rc7 30. Red1 Nc4 31. f4 Nb2 32. Rd4 Na4 33. c4 Nc3 0-1

[Event "ch-Commonwealth 2012"]
[Site "Chennai IND"]
[Date "2012.11.26"]
[Round "6"]
[White "Das, Sayantan"]
[Black "Naren, Swaminathan P"]
[Result "1-0"]
[WhiteTitle "FM"]
[WhiteElo "2339"]
[BlackElo "1885"]
[WhiteFideId "5034426"]
[BlackFideId "5073146"]
[EventDate "2012.11.23"]

1. d4 d5 2. Nc3 Nf6 3. Bg5 e6 4. e4 Be7 5. e5 Nfd7 6. Bxe7 Qxe7 7. f4 a6 8. Nf3
c5 9. Bd3 Nc6 10. dxc5 f6 11. exf6 Qxf6 12. Qe2 Qe7 13. Ng5 Nxc5 14. Qh5+ Kf8
15. O-O-O Nxd3+ 16. Rxd3 g6 17. Qh6+ Qg7 18. Qxg7+ Kxg7 19. Re1 Kf6 20. Na4 h6
21. Nb6 Rb8 22. Nf3 g5 23. fxg5+ hxg5 24. h3 Rd8 25. Nd2 g4 26. hxg4 d4 27. Ne4+
Kg6 28. Rh3 e5 29. Reh1 Bxg4 30. Rg3 Kf5 31. Rf1+ Kxe4 32. Rxg4+ Ke3 33. Rf3+ 1-0

[Event "ch-Commonwealth 2012"]
[Site "Chennai IND"]
[Date "2012.11.26"]
[Round "6"]
[White "Aniruddh, Aiyengar"]
[Black "Karthikeyan, Murali"]
[Result "0-1"]
[WhiteElo "1870"]
[BlackElo "2329"]
[WhiteFideId "5084385"]
[BlackFideId "5074452"]
[EventDate "2012.11.23"]

1. e4 c5 2. Nc3 a6 3. g3 b5 4. Bg2 Bb7 5. d3 e6 6. f4 Nf6 7. Nf3 d5 8. e5 Nfd7
9. O-O Be7 10. Qe2 O-O 11. Bd2 Nc6 12. Rae1 Rc8 13. Nd1 Nd4 14. Nxd4 cxd4 15. c3
dxc3 16. bxc3 Nc5 17. f5 exf5 18. Rxf5 d4 19. Bxb7 Nxb7 20. cxd4 Qxd4+ 21. Be3
Qd7 22. Ref1 Nc5 23. d4 Ne6 24. Qf2 Bb4 25. Qb2 Rc4 26. Qf2 Nxd4 27. Rf4 Ne6 28.
Rxc4 bxc4 29. Qb2 Be7 30. Qc3 Qc6 31. Nb2 Rc8 32. Rc1 Ng5 33. Bxg5 Bxg5 34. Rc2
Bd8 35. h3 Bb6+ 36. Kh2 Qc5 37. Qe1 Ba5 38. Qe2 c3 39. Nd1 Rc6 40. Qf3 h6 41.
Rc1 Rc8 42. Qe2 Re8 43. Rc2 Re6 44. Nb2 Rxe5 45. Qd3 Re1 46. Kg2 Qg1+ 47. Kf3
Qh1+ 48. Kf4 Bc7+ 49. Kg4 Re4+ 50. Kf5 g6+ 51. Kf6 Re6# 0-1

[Event "ch-Commonwealth 2012"]
[Site "Chennai IND"]
[Date "2012.11.26"]
[Round "6"]
[White "Krishna, C.R.G."]
[Black "Rajaryan Kuvelkar"]
[Result "1-0"]
[WhiteElo "2327"]
[BlackElo "1745"]
[WhiteFideId "5018625"]
[BlackFideId "5096235"]
[EventDate "2012.11.23"]

1. d4 Nf6 2. Nf3 g6 3. Nc3 Bg7 4. Bf4 d6 5. e4 O-O 6. Qd2 c5 7. dxc5 dxc5 8. Bd3
Nc6 9. O-O-O Nb4 10. Bc4 Qa5 11. a3 Nc6 12. e5 Nd7 13. e6 Nb6 14. exf7+ Kh8 15.
Ba2 Nb4 16. axb4 cxb4 17. Bh6 bxc3 18. Bxg7+ Kxg7 19. Qd4+ Kh6 20. Qe3+ Kg7 21.
Qd4+ Kh6 22. Kb1 cxb2 23. g4 Qa4 24. g5+ Kh5 25. Qg7 Bf5 26. Qxh7+ Kg4 27. Qh4+
Kxf3 28. Qg3+ Ke2 29. Rhe1# 1-0